000 00388 a2200169 4500
001 46277
020 _a978-85-262-8037-3
040 _cAnchieta - Aquarius
100 _aAnderson, Judith
240 1 0 _aEra uma vez uma lagarta
_lpor
245 1 0 _aEra uma vez uma lagarta
300 _a32
362 0 _a2010
440 1 _aScipione
650 4 _aLiteratura infanto-juvenil
942 _cBK
999 _c46277
_d46277